书目信息 |
| 题名: |
双簧管吹奏入门
|
|
| 作者: | 朱同 编著 | |
| 分册: | ||
| 出版信息: | 上海 上海音乐出版社 1999 |
|
| 页数: | 104页 | |
| 开本: | 26cm | |
| 丛书名: | 管乐吹奏入门丛书 | |
| 单 册: | ||
| 中图分类: | J621.3 | |
| 科图分类: | ||
| 主题词: | 器乐--理论 , 器乐--奏法 , 器乐--演奏 | |
| 电子资源: | ||
| ISBN: | 7-80553-725-9 | |
| 000 | 00671nam0 2200241 45 | |
| 001 | 0206180888 | |
| 005 | 20031219104056.6 | |
| 010 | @a7-80553-725-9@dCNY11.00 | |
| 100 | @a20020618d1999 km y0chiy0120 ea | |
| 101 | 0 | @achi |
| 105 | @a z 000yy | |
| 200 | 1 | @a双簧管吹奏入门@AShuang Huang Guan Chui Zou Ru Men@f朱同编著@FZhu Tong Bian Zhu |
| 210 | @a上海@c上海音乐出版社@d1999 | |
| 215 | @a104页@d26cm | |
| 225 | @a管乐吹奏入门丛书 | |
| 410 | @12001 @a管乐吹奏入门丛书 | |
| 606 | 0 | @a器乐@x理论 |
| 606 | 0 | @a器乐@x奏法 |
| 606 | 0 | @a器乐@x演奏 |
| 690 | @aJ621.3@v4 | |
| 701 | 0 | @a朱同@4编著 |
| 801 | @aCN@bTSTC@c20020618 | |
| 905 | @b312095-097@dJ621.3@e95@f3 | |
| 双簧管吹奏入门/朱同编著.-上海:上海音乐出版社,1999 |
| 104页;26cm.-(管乐吹奏入门丛书) |
| ISBN 7-80553-725-9:CNY11.00 |
| ● |
| 相关链接 |
|
|
|
|
正题名:双簧管吹奏入门
索取号:J621.3/95
 
预约/预借
| 序号 | 登录号 | 条形码 | 馆藏地/架位号 | 状态 | 备注 |
| 1 | 0312095 | 203120951 | 第一借阅区/ [索取号:J621.3/95] | 在馆 | |
| 2 | 0312096 | 203120960 | 第一借阅区/ [索取号:J621.3/95] | 在馆 | |
| 3 | 0312097 | 203120979 | 第一样本阅览室/ [索取号:J621.3/95] | 在馆 |